000 00881nam a2200241Ia 4500
001 19855
003 GE_BSU
008 181216s||||||||xx |||||||||||||| ||und||
040 _cGE_BSU
080 _a021
100 _aლორთქიფანიძე,ნ.
245 _aსაბიბლიოთეკო საქმის ორგანიზაცია. ნ.2
245 _cრედ. ა. ლორია. ნ. გურგენიძე. რედ. გ. ბუხნიკაშვილი
260 _aთბილისი
260 _bსაქართველო
260 _c1996
300 _a92გვ.
541 _h4ლ.30თ.
653 _aბიბლიოთეკარი
653 _aსაბიბლიოთეკო საქმის ორგანიზაცია. ნ.2
653 _aქსეროქსი
942 _cBK
999 _c52825
_d52825